Tác phẩm triết học
Đã lưu trong:
| Hovedforfatter: | |
|---|---|
| Format: | Bog |
| Sprog: | Undetermined |
| Udgivet: |
H.
ĐHSP
2004
|
| Fag: | |
| Tags: |
Tilføj Tag
Ingen Tags, Vær først til at tagge denne postø!
|
| Thư viện lưu trữ: | Trung tâm Học liệu Trường Đại học Cần Thơ |
|---|
| LEADER | 00477nam a2200193Ia 4500 | ||
|---|---|---|---|
| 001 | CTU_62358 | ||
| 008 | 210402s9999 xx 000 0 und d | ||
| 020 | |b 29000 | ||
| 082 | |a 193 | ||
| 082 | |b H465 | ||
| 100 | |a Martin Heidegger | ||
| 245 | 0 | |a Tác phẩm triết học | |
| 245 | 0 | |c Martin Heidegger | |
| 260 | |a H. | ||
| 260 | |b ĐHSP | ||
| 260 | |c 2004 | ||
| 650 | |a german philosophy | ||
| 904 | |i Minh | ||
| 980 | |a Trung tâm Học liệu Trường Đại học Cần Thơ | ||